000 01034nam2a22002651 4500
001 rc\1777158
005 20250620105345.0
035 _a(NLR Aleph) 005287338
090 _a6156451
_c6156451
100 _a20061204d1905 |||y0rusy50 ca
101 0 _arus
102 _aRU
105 _ay z |||a|
200 1 _aНедавнее былое
_eповести и рассказы
210 _d1905 ценз.
_aБ. м.
215 _a240 с.
461 0 _1001rc\1777143
_12001#$aПолное собрание сочинений Н.Н. Каразина$v[Т. 15]
_96156422
_aКаразин, Н. Н. (1842-1908)
_cСанктпетербург
_d1904-1905 ценз.
_nП.П. Сойкин
_p20 т.
_tПолное собрание сочинений Н.Н. Каразина
_v[Т. 15]
801 0 _aRU
_bNLR
_c20061204
_gpsbo
801 0 _aRU
_bRuMoRGB
_c20061204
_2psbo
801 1 _aRU
_bProSoft-M
_c20061204
_2rusmarc
801 2 _aRU
_bNLR
_c20121102
_2rusmarc
852 _aNLR
_j129/4315(15)
852 _aNLR
_j20.71.5.1(15)
942 _cBOOK
980 _aNB